Animales de papel / (Record no. 14666)

000 -CABECERA
fixed length control field 00833nam a22002417a 4500
003 - IDENTIFICADOR DEL NÚMERO DE CONTROL
control field AR-CdUCM
008 - DATOS DE LONGITUD FIJA--INFORMACIÓN GENERAL
fixed length control field 190424b ||||| |||| 00| 0 spa d
020 ## - NÚMERO INTERNACIONAL ESTÁNDAR DEL LIBRO
ISBN 978-84-441-5009-3
040 ## - FUENTE DE LA CATALOGACIÓN
Agencia/entidad que catalogó originalmente la obra MUNICIPALIDAD PROVINCIAL DEL CUSCO
Entidad que transcribió la catalogación BIBLIOTECA MUNICIPAL DEL CUSCO
082 ## - NÚMERO DE LA CLASIFICACIÓN DECIMAL DEWEY
No. de Clasificación PI / 376.12 /
Notacion interna H66
100 ## - ENTRADA PRINCIPAL--NOMBRE DE PERSONA
Nombre Personal Hofmann, Natalie
245 ## - MENCIÓN DE TÍTULO
Título Animales de papel /
260 ## - PUBLICACIÓN, DISTRIBUCIÓN, ETC.
Lugar de publicación, distribución, etc. La coruña :
Nombre de la editorial, distribuidor, etc. Everest,
Fecha de publicación, distribución, etc. 2013.
300 ## - DESCRIPCIÓN FÍSICA
Nº de Páginas Extensión 46 páginas ;
Otros detalles físicos Ilustraciones,
Dimensiones 26 cm.
440 ## - MENCIÓN DE SERIE/PUNTO DE ACCESO ADICIONAL--TÍTULO
Título Mis primeras manualidades
9 (RLIN) 33514
505 ## - NOTA DE CONTENIDO CON FORMATO
Nota de contenido formateada Contenido: Patos -- Ratones -- Cocodrilos -- Focas -- Elefantes -- Tortugas -- Jirafas ...
650 ## - PUNTO DE ACCESO ADICIONAL DE MATERIA--TÉRMINO DE MATERIA
Descriptor Manualidades
9 (RLIN) 15530
650 ## - PUNTO DE ACCESO ADICIONAL DE MATERIA--TÉRMINO DE MATERIA
Descriptor Infantes
9 (RLIN) 31509
700 ## - PUNTO DE ACCESO ADICIONAL--NOMBRE DE PERSONA
Nombre Personal Ritter, Ursula
9 (RLIN) 33527
700 ## - PUNTO DE ACCESO ADICIONAL--NOMBRE DE PERSONA
Nombre Personal Alfonso Mory, Elsa (traductor)
9 (RLIN) 33516
942 ## - ELEMENTOS DE PUNTO DE ACCESO ADICIONAL (KOHA)
Fuente de clasificación
Tipo de item Libros-BMC
945 ## - PROCESAMIENTO DE INFORMACIÓN LOCAL (OCLC)
Catalogador cmm
AAAA-MM-DD - Fecha de ingreso o modificacion 2019-04-24
Holdings
Estado de retiro (separado) Fuente de clasificación o esquema de estanterías Estado dañado Ubicación Sala donde se ubica Nombre de la colección Fecha de adquisición o compra Costo, precio normal en soles Signatura topográfica Código de Barras Última vez visto (Koha) Tipo de ítem (Koha)
No     Sala de Infantes Sala de Infantes Children's Area 2019-04-24 20.00 PI / 376.12 / H66 SI00002873 2019-04-24 Libros-BMC
No     Sala de Infantes Sala de Infantes Children's Area 2019-04-24 20.00 PI / 376.12 / H66 / e.2 SI00002874 2019-04-24 Libros-BMC

Powered by Koha